MARC details
| 000 -LEADER |
| fixed length control field |
02881cam a2200565 i 4500 |
| 001 - CONTROL NUMBER |
| control field |
1257402005 |
| 003 - CONTROL NUMBER IDENTIFIER |
| control field |
OCoLC |
| 005 - DATE AND TIME OF LATEST TRANSACTION |
| control field |
20251006120040.0 |
| 007 - PHYSICAL DESCRIPTION FIXED FIELD--GENERAL INFORMATION |
| fixed length control field |
tb |
| 008 - FIXED-LENGTH DATA ELEMENTS--GENERAL INFORMATION |
| fixed length control field |
210623t20212020meu d 000 1 eng d |
| 010 ## - LIBRARY OF CONGRESS CONTROL NUMBER |
| LC control number |
2021939380 |
| 020 ## - INTERNATIONAL STANDARD BOOK NUMBER |
| International Standard Book Number |
9781638080497 |
| Qualifying information |
(large print : hardcover) : |
| Terms of availability |
$36.95 |
| 020 ## - INTERNATIONAL STANDARD BOOK NUMBER |
| International Standard Book Number |
1638080496 |
| Qualifying information |
(large print : hardcover) : |
| Terms of availability |
$36.95 |
| 035 ## - SYSTEM CONTROL NUMBER |
| System control number |
(OCoLC)1257402005 |
| 040 ## - CATALOGING SOURCE |
| Original cataloging agency |
YDX |
| Language of cataloging |
eng |
| Description conventions |
rda |
| Transcribing agency |
YDX |
| Modifying agency |
DON |
| -- |
OCLCO |
| -- |
OCLCF |
| -- |
IP6 |
| -- |
WYG |
| 043 ## - GEOGRAPHIC AREA CODE |
| Geographic area code |
n-us-ct |
| 050 14 - LIBRARY OF CONGRESS CALL NUMBER |
| Classification number |
PS3552.E6963 |
| Item number |
H69 2020d |
| 082 04 - DEWEY DECIMAL CLASSIFICATION NUMBER |
| Classification number |
813/.54 |
| Edition number |
23 |
| 092 0# - LOCALLY ASSIGNED DEWEY CALL NUMBER (OCLC) |
| Classification number |
Large Print Fiction |
| -- |
Berenson, Laurie |
| 100 1# - MAIN ENTRY--PERSONAL NAME |
| Personal name |
Berenson, Laurien, |
| Relator term |
author. |
| 9 (RLIN) |
60970 |
| 245 10 - TITLE STATEMENT |
| Title |
Howloween murder |
| Medium |
[text (large print)] / |
| Statement of responsibility, etc |
Laurien Berenson. |
| 246 3# - VARYING FORM OF TITLE |
| Title proper/short title |
Halloween murder. |
| 250 ## - EDITION STATEMENT |
| Edition statement |
Center Point Large Print edition. |
| 264 #1 - Production, Publication, Distribution, Manufacture, and Copyright Notice. |
| Place of production, publication, distribution, manufacture |
Thorndike, Maine : |
| Name of producer, publisher, distributor, manufacturer |
Center Point Large Print, |
| Date of production, publication, distribution, manufacture, or copyr |
2021. |
| 264 #4 - Production, Publication, Distribution, Manufacture, and Copyright Notice. |
| Date of production, publication, distribution, manufacture, or copyr |
©2020. |
| 300 ## - PHYSICAL DESCRIPTION |
| Extent |
198 pages (large print) ; |
| Dimensions |
23 cm. |
| 336 ## - Content Type |
| Content type term |
text |
| 337 ## - Media type |
| Media type term |
unmediated |
| 338 ## - Carrier type |
| Carrier type term |
volume |
| 490 1# - SERIES STATEMENT |
| Series statement |
A Melanie Travis canine mystery ; |
| Volume number/sequential designation |
[26] |
| 500 ## - GENERAL NOTE |
| General note |
Regular print version previously published by: Kensington Publishing Corp. |
| 500 ## - GENERAL NOTE |
| General note |
Includes recipe. |
| 520 ## - SUMMARY, ETC. |
| Summary, etc |
With just a few days left before Halloween, everyone at Howard Academy is anticipating the guaranteed sugar high they'll experience from gorging on Harriet Bloom's famous marshmallow puffs. The private school's annual costume party revolves around the headmaster's assistant and her seemingly supernatural batches of gooey goodies. So, it's a shock when Harriet's elderly neighbor is suddenly found dead with the beloved dessert in his hand. Police start questioning whether Harriet modified her top-secret recipe to include a hefty dose of lethal poison. Melanie knows her tenured colleague would never intentionally serve cyanide-laced puffs to a defenseless old man. But as explosive neighborhood gossip reveals a potential culprit, it also brings her closer to sealing her own doom. |
| 650 #0 - SUBJECT ADDED ENTRY--TOPICAL TERM |
| Topical term or geographic name as entry element |
Travis, Melanie (Fictitious character) |
| Form subdivision |
Fiction. |
| 9 (RLIN) |
6518710 |
| 650 #0 - SUBJECT ADDED ENTRY--TOPICAL TERM |
| Topical term or geographic name as entry element |
Murder |
| General subdivision |
Investigation |
| Form subdivision |
Fiction. |
| 9 (RLIN) |
5673630 |
| 650 #0 - SUBJECT ADDED ENTRY--TOPICAL TERM |
| Topical term or geographic name as entry element |
Dog breeders |
| Form subdivision |
Fiction. |
| 9 (RLIN) |
6518711 |
| 650 #0 - SUBJECT ADDED ENTRY--TOPICAL TERM |
| Topical term or geographic name as entry element |
Halloween |
| Form subdivision |
Fiction. |
| 9 (RLIN) |
5684667 |
| 650 #0 - SUBJECT ADDED ENTRY--TOPICAL TERM |
| Topical term or geographic name as entry element |
Dogs |
| Form subdivision |
Fiction. |
| 9 (RLIN) |
5674795 |
| 650 #0 - SUBJECT ADDED ENTRY--TOPICAL TERM |
| Topical term or geographic name as entry element |
Women private investigators |
| Geographic subdivision |
Connecticut |
| Form subdivision |
Fiction. |
| 9 (RLIN) |
6553200 |
| 651 #0 - SUBJECT ADDED ENTRY--GEOGRAPHIC NAME |
| Geographic name |
Connecticut |
| Form subdivision |
Fiction. |
| 9 (RLIN) |
5673772 |
| 655 #7 - INDEX TERM--GENRE/FORM |
| Genre/form data or focus term |
Large print books. |
| Source of term |
lcgft |
| 9 (RLIN) |
5777956 |
| 655 #7 - INDEX TERM--GENRE/FORM |
| Genre/form data or focus term |
Cozy mysteries. |
| Source of term |
fast |
| 9 (RLIN) |
5812499 |
| 655 #7 - INDEX TERM--GENRE/FORM |
| Genre/form data or focus term |
Detective and mystery fiction. |
| Source of term |
fast |
| 9 (RLIN) |
5683641 |
| 655 #7 - INDEX TERM--GENRE/FORM |
| Genre/form data or focus term |
Fiction. |
| Source of term |
fast |
| 9 (RLIN) |
5673940 |
| 655 #7 - INDEX TERM--GENRE/FORM |
| Genre/form data or focus term |
Detective and mystery fiction. |
| Source of term |
lcgft |
| 9 (RLIN) |
5683641 |
| 655 #7 - INDEX TERM--GENRE/FORM |
| Genre/form data or focus term |
Cozy mysteries. |
| Source of term |
lcgft |
| 9 (RLIN) |
5812499 |
| 800 1# - SERIES ADDED ENTRY--PERSONAL NAME |
| Personal name |
Berenson, Laurien. |
| Title of a work |
Melanie Travis mystery ; |
| Volume/sequential designation |
26. |
| 9 (RLIN) |
5948878 |
| 907 ## - LOCAL DATA ELEMENT G, LDG (RLIN) |
| a |
.b457694191 |
| 942 ## - ADDED ENTRY ELEMENTS (KOHA) |
| Source of classification or shelving scheme |
Dewey Decimal Classification |
| Koha item type |
BOOK |